000 00725na a2200229 4500
001 19159
003 MIRAKIL
005 20181213155056.0
008 161209b tu 000 0
040 _aMilas
_btur
_cTR-AnCHP
041 _ager
082 _a324.243072
_bS26w 1998
090 _a324.243072 S26w 1998
110 _aAlmanya Sosyal Demokrat Partisi (SPD)
245 _aWir sind bereit
_bFünf sichere Zeichen
_cSPD
260 _aHannover
_bOdeon Zwo
_c1998
300 _a96 s.
_c20 sm.
610 _aAlmanya Sosyal Demokrat Partisi (SPD)
_xParti programları
_yÇalışmalar
650 _aParti türleri
_xSosyal demokrat partiler
_zAlmanya
710 _aAlmanya Sosyal Demokrat Partisi (SPD)
942 _2ddc
_cBKS
999 _c6112
_d6112